000
00188 a2200085 4500
020
_a
9780500519899
100
_a
Ronnie Wood
245
_a
Ronnie Wood: Artist
260
_b
Thames & Hudson
_c
2017
999
_c
13239
_d
13239